000 01026cam a2200349 a 4500
001 4931178
003 OSt
005 20211117151235.0
008 950323s1995 moua b 001 0 eng
010 _a 95130572
020 _a9780323030083
020 _a0323030084
040 _aDLC
_cDLC
_dDLC
050 0 0 _aRM301.M47
082 0 0 _a615/.1
_220
100 1 _aMcKenry, Leda M.
245 1 0 _aMosby's pharmacology in nursing. /
_cLeda M. McKenry, Ed Tessier, MaryAnn Hogan.
250 _a22nd ed.
260 _aSt. Louis, Mo. :
_bMosby,
_c2006.
300 _axi, 1347 p. :
_bill. (col.) ;
504 _aIncludes index.
505 _aContents:
650 0 _aPharmacology.
650 0 _aNursing.
650 2 _aPharmacology
_xnurses' instruction.
700 _qTessier, Ed
700 _qHogan, MaryAnn
740 0 _aPharmacology in nursing.
906 _a7
_bcbu
_corignew
_d2
_encip
_f19
_gy-gencatlg
942 _2lcc
_cBK
999 _c8029
_d15529